MARC

Tag First Indicator Second Indicator Subfields
LEADER 00000cam a22000004a 4500
001 in00002425126
005 20151109152822.0
008 050309s2004 xr b 000 0 cze c
020 |a 8073250381 
020 |a 9788073250386 
029 1 |a LGP  |b cpk20041489391 
035 |a (OCoLC)ocm59881417  
035 |a (OCoLC)59881417 
040 |a CSt  |c STF  |d LGP  |d OCLCG  |d UtOrBLW 
042 |a pcc 
049 |a TXAM 
050 4 |a DB2407  |b .C56 2004 
245 0 0 |a éClovéek na Moravée 19. stoletâi /  |c L. Fasora, J. Hanués, J. Malâiér (eds.). 
246 3 |a éClovéek na Moravée devatenâactâeho stoletâi 
250 |a 1. vyd. 
264 1 |a Brno :  |b Centrum pro studium demokracie a kultury,  |c 2004. 
300 |a 501 pages ;  |c 24 cm. 
336 |a text  |b txt  |2 rdacontent 
337 |a unmediated  |b n  |2 rdamedia 
338 |a volume  |b nc  |2 rdacarrier 
651 0 |a Moravia (Czech Republic)  |x History  |y 19th century. 
651 0 |a Moravia (Czech Republic)  |x Intellectual life  |y 19th century. 
650 0 7 |a Sociâalnâi déejiny  |z éCesko  |y 19. stol.  |2 czenas 
650 0 7 |a Sociâalnâi stratifikace  |z éCesko  |y 19. stol.  |2 czenas 
650 0 7 |a Profese  |z éCesko  |y 19. stol.  |2 czenas 
650 0 7 |a Osobnosti  |z éCesko  |y 19. stol.  |2 czenas 
650 0 7 |a éClovéek a spoleécnost  |z éCesko  |y 19. stol.  |2 czenas 
650 0 7 |a Social history  |z Czech Republic  |y 19th century.  |2 czenas 
650 0 7 |a Social stratification  |z Czech Republic  |y 19th century.  |2 czenas 
650 0 7 |a Professions  |z Czech Republic  |y 19th century.  |2 czenas 
650 0 7 |a Celebrities  |z Czech Republic  |y 19th century.  |2 czenas 
650 0 7 |a Man and society  |z Czech Republic  |y 19th century.  |2 czenas 
651 7 |a Morava (éCesko)  |x déejiny  |y 19. stol.  |2 czenas 
651 7 |a Moravia (Czech Republic)  |x history  |y 19th century.  |2 czenas  |2 czenas 
700 1 |a Fasora, L.  |q (Lukâaés),  |d 1972- 
700 1 |a Hanués, Jiérâi,  |d 1963- 
700 1 |a Malâiér, Jiérâi. 
994 |a C0  |b TXA 
999 |a MARS 
999 f f |s 4357deca-de25-3dd2-9b97-6aa2bbfc2783  |i e6ebf4b2-ae01-3240-a22d-3f33e376f1c4  |t 0 
952 f f |a Texas A&M University  |b College Station  |c Sterling C. Evans Library  |d Evans: Library Stacks  |t 0  |h No information provided 
998 f f |t 0  |l Evans: Library Stacks